000
00233 a2200097 4500
001
33399
100
_a
Curran, J
245
_a
Trends in Advanced Avionics
260
_a
USA
_b
Iowa State University Press
_c
1992
090
_c
22268
_d
22268
942
_a
NUST-CAE
_c
M
_c
13634
999
_c
268472
_d
268472